| 000 | 00557nam a22001817a 4500 | ||
|---|---|---|---|
| 005 | 20240130072107.0 | ||
| 008 | 240129b |||||||| |||| 00| 0 eng d | ||
| 020 | _a9780409078174 ; 9780409078166 | ||
| 041 | _aEnglish | ||
| 082 | _a344.1 STR | ||
| 100 |
_aCheadle, H et al. _lEnglish |
||
| 245 |
_aStrikes and the Law / _cH Cheadle et al. |
||
| 250 | _aFirst Edition | ||
| 260 |
_aDurban : _bLexisNexis (Pty) Ltd, _c2017 |
||
| 300 |
_bxiii, 256 pages ; _c25 cm. |
||
| 650 |
_aLegal practice _bLaw |
||
| 942 |
_cBK _6ALISON_BN_VRIES |
||
| 999 |
_c1293 _d1293 |
||